000 004380000a22001690004500
041 0 _aENG
082 0 4 _aG 253.4 R582y
100 1 _aRinker, Rosalind
245 1 0 _aYou can witness with confidence / Rosalind Rinker
260 _aGrand Rapids, MI., USA : Zondervan
300 _a105 Pag
001 6421
942 _cBK
999 _c36693
_d36693
336 _atexto
_btxt
_2rdacontent
337 _2rdamedia
_asin mediación
_bn
338 _2rdacarrier
_avolumen
_bnc